Cuentas nacionales
Gardado en:
| Autor Principal: | |
|---|---|
| Formato: | Libro |
| Idioma: | Lingua castelá |
| Publicado: |
Buenos Aires
El Ateneo
1977
|
| Series: | Biblioteca de Ciencias Económicas. Economía
|
| Subjects: | |
| Tags: |
Engadir etiqueta
Sen Etiquetas, Sexa o primeiro en etiquetar este rexistro!
|
MARC
| LEADER | 00000nam a2200000 a 4500 | ||
|---|---|---|---|
| 001 | UCQ1298 | ||
| 003 | CL-VaPUC | ||
| 008 | 980709e19770000AG |||||||||||||||||spa|d | ||
| 082 | 0 | 4 | |a 339.3 |b KEN |2 21 |
| 100 | 0 | |a Kendrick, John W |e author |9 415041 | |
| 245 | 1 | 0 | |a Cuentas nacionales |
| 300 | |a 294 p | ||
| 942 | |c BK | ||
| 945 | |d 19980709 00:00:00 |a crobeson | ||
| 260 | |a Buenos Aires |b El Ateneo |c 1977 | ||
| 650 | 7 | |a CUENTAS NACIONALES |2 CL-VaPUC |9 344474 | |
| 650 | 7 | |a INGRESO NACIONAL |2 CL-VaPUC |9 334289 | |
| 650 | 7 | |a CONTABILIDAD NACIONAL |2 CL-VaPUC |9 415042 | |
| 650 | 7 | |a ECONOMIA NACIONAL |2 CL-VaPUC |9 338222 | |
| 650 | 0 | |a Hacienda pública |9 258673 | |
| 583 | |a last modification |c 19980709 00:00:00 |k Rodrigo Vera | ||
| 490 | 0 | |a Biblioteca de Ciencias Económicas. Economía | |
| 999 | |c 272300 |d 272298 | ||
| 952 | |0 0 |1 0 |4 0 |6 339_300000000000000_KEN_1977 |7 0 |8 A |9 307195 |a BIBENE |b BIBENE |d 2019-11-20 |i 1435108 |o 339.3 KEN 1977 |p 1435108 |r 2025-01-15 |w 2019-11-20 |y BK |k ICO | ||